Регионална библиотека "Любен Каравелов" - Русе

Книга за ученика по изобразително изкуство за VІ клас (Запис номер 7362)

MARC детайли
000 -Лидер
Контролно поле с фиксирана дължина 01720nam a2200373 c 4500
003 - Код на организацията, давaща контролен номер
Контролно поле BLK
005 - Дата и час на последна редакция
Контролно поле 20180422093842.0
008 - Елементи от данни с фиксирана дължина
fixed length control field 180412b bul|||||r ||||||| ||bul||
010 ## - Наследен системен номер
LC control number KNG00008656000
020 ## - Международен стандартен номер на книга ISBN
Международен стандартен номер на книга ISBN 954-18-0065-3
-- издат.: Булвест 2000
040 ## - Източник на каталожния запис
Идентификатор на билиотеката - собственик на записа BLK
041 ## - Код за език
Код за езика на текст/звукозапис или на отделно заглавие Български
Код за езика КДБФ Български
080 ## - УДК
Текстов определител УДК Изобразително изкуство в основното училище
УДК код - определител по УДК 372.875
УДК определител (075.2)
УДК - код + определител 372.875(075.2)
100 1# - Редна дума - Автор
Автор Немцов, Драган Георгиев
Авторска отговорност първи автор
R(LIN) 363740
139 ## - Редно поле
Редна дума Немцов, Драган Георгиев и др.
Авторски знак Нем - Н 53
245 10 - Сведения за заглавието
Заглавие Книга за ученика по изобразително изкуство за VІ клас
Редно поле (дума) Драган Георгиев Немцов; съавт. Веселин Димчев; съавт. Димитър Димитров.
257 ## - Страна на издаване
Страна на създаване/издаване България
260 ## - Област на издателските данни
-- София
Име на издателя, разпространителя и проч. Булвест 2000
Година на издаване 1995
Печатница Пловдив : Полиграфия
300 ## - Физическа характеристика
Страници 119 с.
Илюстрации и др. с цв. ил.
Размери/Мащаб 28 см
380 ## - Жанр
Жанр Обществени науки
500 ## - Общи забележки
Забележка Кор. Изобразително изкуство. - 106 000 тир. ; доп. тир. 1999. - Терминол. речник.
650 #4 - Допълнително описание по предмет – тема
Основно описание – тема или топоним Изобразително изкуство - учебни помагала
9 (RLIN) 249252
653 ## - Ключова дума – ненормативна
Ключова дума изобразително изкуство
653 ## - Ключова дума – ненормативна
Ключова дума рисуване
653 ## - Ключова дума – ненормативна
Ключова дума VІ кл.
653 ## - Ключова дума – ненормативна
Ключова дума учебни помагала
700 1# - Други автори (авторска отговорност)
Лично име Димчев, Веселин
Автороска отговорност (Описва отношението между автора и произведението) съавт.
9 (RLIN) 252486
700 1# - Други автори (авторска отговорност)
Лично име Димитров, Димитър
Автороска отговорност (Описва отношението между автора и произведението) съавт.
9 (RLIN) 363351
852 ## - Местоположение
Форматна сигнатура Цб ІІ 8415
856 4# - Електронен адрес и достъп
Електронен формат pdf - файл
Път до файла /url/
856 4# - Електронен адрес и достъп
Електронен формат pdf - файл
Път до файла /url/
942 ## - АРТИКУЛИ
Вид на библиотечния материал Книги
Скрит в OPAC Не
944 ## - СЪЗДАВАНЕ И РЕДАКЦИЯ на ЗАПИСА
Създаване/Редакция Създаване
Дата на регистрацията/редакция 15.01.2003
Статус, дата на статуса ф /
Служител, извършил регистрацията/редакцията Людмила_Стоянова
944 ## - СЪЗДАВАНЕ И РЕДАКЦИЯ на ЗАПИСА
Създаване/Редакция Редакция
Дата на регистрацията/редакция 10.02.2011
Статус, дата на статуса ф /
Служител, извършил регистрацията/редакцията
999 ## - СИСТЕМНИ КОНТРОЛНИ НОМЕРА
Koha biblionumber 7362
Koha biblioitemnumber 7362
Наличности
Код за отписване Код за изгубен артикул Източник на класификационната схема Код за повреда Коз за рестрикции Код за отдаване Артикулен № Име на библиотеката - собственик Име на библиотеката, в която се намира в момента Статус (Текущо местоположение) Дата на вписване в системата Местоположение - отдел Цена в лева Инвентарен номер Систематично азбучна сигнатура Баркод Номер на екземпляра Цена в евро Служебна бележка Служебен тип на артикула
  Не е изгубен Universal Decimal Classification Не е повреден без рестрикции заемане за дома 12718 Регионална библиотека "Любен Каравелов" Русе Регионална библиотека "Любен Каравелов" Русе Детски отдел 2011-02-02 Детски отдел 5.90 120000748873 ДН 373.3.016/Н 53 120000748873 1 3.02 Дост: DA Вид: А N: 3 Дата: 02.02.2011 Дата инв: 20.08.2015 Бележки инв: Д2015 Книги
  Не е изгубен Universal Decimal Classification Не е повреден без рестрикции ползва се в читалня 12719 Регионална библиотека "Любен Каравелов" Русе Регионална библиотека "Любен Каравелов" Русе Хранилище 1995-01-01 Хранилище 1.64 614893 Цб ІІ 8415 120000614893 2 0.84 Дост: Dp Вид: Д N: стар фонд Дата: 01.01.1995 Книги
Vip Innovations Ltd, Rousse, Bulgaria 2025